| 000 | 00724nam a2200241 a 4500 | ||
|---|---|---|---|
| 001 | 50762 | ||
| 003 | BD-RjUL | ||
| 005 | 20211209075548.0 | ||
| 008 | 160828s2001 enka 001 0 eng d | ||
| 020 | _a8173193371 | ||
| 035 | _a(BD-RjUL) | ||
| 035 | _aBNB2708.3094 | ||
| 040 |
_aDLC _cDLC _beng _dBD-RjUL |
||
| 041 | _aeng | ||
| 082 | 0 |
_a519.24 _223 _bPAC 2001 |
|
| 100 | 1 |
_aPathak, R. S. _9151968 |
|
| 245 | 1 | 2 |
_aA course in distribution theory and applications / _cR.S. Pathak. |
| 260 |
_aCalcatta : _bNarosa Publication Hoouse _cc2001. |
||
| 300 |
_axi, 146 p. : _bill. ; _c25 cm. |
||
| 504 | _aIncludes bibliographical references and index. | ||
| 650 | 0 |
_aDistribution (Probability theory) _9138285 |
|
| 942 |
_2ddc _cBK |
||
| 999 |
_c50762 _d50762 |
||